00664nam a2200193Ia 4500001002400000003000900024008004100033040002300074041001300097100002600110245004800136250001500184260002100199300002700220490004900247500003100296501012400327700001900451270.1-MIM si ch (20798)IT-MiSPE171229s9999||||xx |||||||||||||| ||und|| aIT-MiSPEcIT-MiSPE aFRANCESE aSimon Claude Mimouni  0aLe chritianisme des origines à Constantin a1a ed. (v) aParisbPUFc2006 aCXLIII, 528 p. c22 cm aNouvelle Clio: L'histoire et ses problèmes aChiesa - Storia, sec. I-IV aEdizioni San Paolo srl - Piazza Soncino, 5 - 20092 CINISELLO BALSAMO (MI) (non commercial uses only) ® Copyright 2018 aPierre Maraval